000 00606nam a2200169 4500
001 4991
005 20181127174548.0
020 0 0 _a9789993618454
090 0 0 _a657.095498 R6278b 2015
245 0 0 _aRoyal audit authority :
_bbank audit manual /
_cRoyal Audit Authority.
_h
260 0 0 _a[Thimphu] :
_bRoyal Audit Authority,
_c2015.
500 _aAustrian Federal Government.
500 0 0 _aIn Celebrating the 60th Birth Anniversary of His Majesty the Fourth Druk Gyalpo Jigme Singye Wangchuck.
650 0 0 _aAccounting --Standards --Bhutan.
_x
650 0 0 _aAccounting.
_x
999 _c4163
_d4163